Report of the National Conference on Women's University (Record no. 354544)

000 -LEADER
fixed length control field 00425cam a22001217a 4500
008 - FIXED-LENGTH DATA ELEMENTS--GENERAL INFORMATION
fixed length control field 180718b1981 xxu||||| |||| 00| 0 eng d
082 ## - DEWEY DECIMAL CLASSIFICATION NUMBER
Classification number B142x54 Sh84r
245 ## - TITLE STATEMENT
Title Report of the National Conference on Women's University
Statement of responsibility, etc. by Shreemati Nathibai Damodar Thackersey
260 ## - PUBLICATION, DISTRIBUTION, ETC.
Place of publication, distribution, etc. Bombay
Name of publisher, distributor, etc. SNDT Women's University
Date of publication, distribution, etc. 1981
300 ## - PHYSICAL DESCRIPTION
Extent 98p.
650 ## - SUBJECT ADDED ENTRY--TOPICAL TERM
Topical term or geographic name entry element Women - Legal status - India.
700 ## - ADDED ENTRY--PERSONAL NAME
Personal name India. S.N.D.T. Women's University
Holdings
Withdrawn status Lost status Damaged status Not for loan Permanent Location Current Location Date acquired Full call number Barcode Date last seen Price effective from Koha item type
        Indian Institute of Public Administration Indian Institute of Public Administration 1993-12-11 B142x54 Sh84r 59022 2018-07-21 2018-07-21 Book

Powered by Koha